| 000 | 00401nam a22001457a 4500 | ||
|---|---|---|---|
| 999 |
_c530104 _d530104 |
||
| 003 | NUST | ||
| 020 |
_a9789696291527 _qH/B. |
||
| 038 | _awaseem | ||
| 082 |
_a330 _bMEH |
||
| 100 |
_aMehar, Ayub _923449 |
||
| 245 |
_aSouth Asia in New Economic Order: _bLiberalization process / _cAyub Mehar |
||
| 260 |
_aIslamabad : _bEconomic freedom Network Pakistan, _c2014. |
||
| 300 | _a217 p. ; | ||
| 942 |
_2ddc _cBK |
||